000 01092nam0a22002891 4500
001 RU\NLR\A2\5732
005 20260407082541.0
035 _a(NLR Aleph) 009859251
090 _a10379317
_c10379317
100 _a19970105d1760 u y0rusy50 ca
101 0 _alat
102 _aRU
200 1 _aJacobi Theodori Kleinii Ulterior lucubratio subterranea de terris et mineralibus
_eAccedit eiusdem lucubratio posterior subterranea de lapidibus idiomorphis cum perpetuis commentariis
210 _aPetropoli [St.- Peterburg]
_cTypis Academiae scientiarum
_d1760
215 _a56 с., [3] л. ил.
_d
321 1 _aСК XVIII(ин.) 1544
517 1 _aUlterior lucubratio subterranea de terris et mineralibus
620 _dSt.- Peterburg
700 1 _6z01790
_aKlein
_bJ. Th.
_f1685-1759
_gJacob Theodor
_4070
712 0 2 _4610
_8lat
_aAcademia scientiarum
_cPetropolis
_bTypographia
_7ba
_3RU\NLR\AUTH\888588
_9289639
790 1 _6z01700
_aKleinius
_gJacobus Theodorus
_4070
801 0 _aRU
_bNLR
_c19970105
852 _aNLR
_j4.5.1B.76/3
942 _cBOOK
980 _aNB
980 _ain18